Countries Closest to the Black Sea - Statistics

General Stats
  • This quiz has been taken 1,354 times
  • The average score is 17 of 20
Answer Stats
km country miles % Correct
0 Russia 0
98%
0 Turkey 0
96%
0 Ukraine 0
96%
0 Romania 0
94%
0 Bulgaria 0
93%
0 Georgia 0
93%
159 Armenia 99
92%
116 Greece 72
92%
277 Azerbaijan 172
91%
2 Moldova 1
91%
372 Serbia 231
87%
374 North Macedonia 232
85%
426 Syria 265
85%
314 Iran 195
82%
465 Kosovo 289
82%
452 Iraq 281
81%
566 Albania 352
79%
593 Hungary 369
77%
518 Belarus 322
76%
582 Montenegro 362
72%
No matching quizzes found
Score Distribution
Percent of People with Each Score
Percentile by Number Answered
Your Score History
You have not taken this quiz